El Irracionalismo como ideología de la ciencia educativa (Costa Rica 1969-1970)

Guardat en:
Dades bibliogràfiques
Autor principal: Morales Morales, Carlos Manuel
Format: Text
Publicat: Heredia :
Etiquetes: Afegir etiqueta
Sense etiquetes, Sigues el primer a etiquetar aquest registre!

MARC

LEADER 00000 a a2200000 04500
001 16541
003
040
090 |a 012500  
100 |a Morales Morales, Carlos Manuel  
245 |a El Irracionalismo como ideología de la ciencia educativa (Costa Rica 1969-1970)  
260 |a Heredia :  
300 |a 6 p.  
999 |c 5668  |d 5668